000 00903nam a22002897a 4500
003 CHAP
005 20220329140755.0
008 971013s1964 r 00010 d
010 _a57371
011 _a58343
035 _a62498
040 _cCHAP
090 _aFolleto 3653
110 _aSonora. Dirección de Planeación y Fomento Industrial
_9108591
245 _aViabilidad de la planta de celulosa de Sonora
260 _a(s.l.) :
_b(La dirección),
_c1964
300 _a23 h.
590 _aBATCH-UPD
_b10
_c20130110
_lUCH01
_h1258
590 _aBATCH-UPD
_b10
_c20130410
_lUCH01
_h0817
590 _aBATCH-UPD
_b10
_c20130914
_lUCH01
_h0907
590 _aCONVERSION
_b10
_c20130109
_lUCH01
_h1331
650 1 4 _aCelulosa
_xFabricación y comercio.
_920919
650 1 4 _aProyectos industriales.
_992531
901 _aBK
942 _cFOLL
949 _aFolleto 3653
_bBC
_cFOLL
_d-133930
_eTS1
_i62498
_si
999 _c57371
_d57371